Tri thức khoa học về người cao tuổi

Сохранить в:
Библиографические подробности
Другие авторы: Nguyễn Quang Phú Lưu Đức Ý Mai Thanh Thị Đỗ Quốc Vị (Biên soạn)
Формат:
Язык:Vietnamese
Опубликовано: H. Văn hóa thông tin 2006
Предметы:
Метки: Добавить метку
Нет меток, Требуется 1-ая метка записи!
Thư viện lưu trữ: Mạng thư viện Đại học Đà Nẵng
LEADER 01096nam a2200313 4500
001 000013839
003 10184
005 20120323100337.0
008 120323s2006 viesd
020 |c 39000đ 
041 0 |a vie 
082 |a 618.97  |b TRI 
245 0 |a Tri thức khoa học về người cao tuổi  |c Nguyễn Văn Khang(chủ biên), Nguyễn Quang Phú... 
260 |a H.  |b Văn hóa thông tin  |c 2006 
300 |a 327 tr.  |c 21 cm 
653 |a Tri thức bách khoa 
653 |a Người cao tuổi 
700 |a Nguyễn Quang Phú  |a Lưu Đức Ý  |a Mai Thanh Thị  |a Đỗ Quốc Vị  |e Biên soạn 
910 |a duyên 
OWN |a LSP 
AVA |a UDN50  |b LSP  |d 618.97 TRI  |e available  |t Error 5001 Not defined in file expand_doc_bib_avail.  |f 3  |g 0  |h N  |i 0  |k 1 
999 |a From the UDN01 
AVA |a UDN50  |b LSP  |d 618.97 TRI  |e available  |t Error 5001 Not defined in file expand_doc_bib_avail.  |f 3  |g 0  |h N  |i 0  |k 1 
TYP |a Monograph 
TYP |a Printed language 
980 |a Mạng thư viện Đại học Đà Nẵng